| 000 | 00973cab a2200277 4500 | ||
|---|---|---|---|
| 001 | ABS59913 | ||
| 008 | 090401t1999 xxu||||| |||| 00| 0 eng d | ||
| 035 | _a(Sirsi) u91113 | ||
| 041 | _aeng | ||
| 100 | _aCook, A. | ||
| 245 | _aPart L: how tough will it be? | ||
| 260 | _c1999 | ||
| 350 | _a0 | ||
| 490 |
_aBuilding _v264(8073) 5 February 1999, 46-47(2) |
||
| 520 | _aExamines the implications for Part L of the Building Regulations of government proposals to dramatically improve the energy efficiency of every building in the UK. | ||
| 650 | _aBUILT ENVIRONMENT-BUILDING ELEMENTS-COMPLETE BUILDING SERVICES ELEMENTS-COMPLETE HEATING, VENTILATION AND AIR CONDITIONING SYSTEMS | ||
| 650 | _aAIRTIGHTNESS | ||
| 650 | _aBUILDING REGULATIONS PART L | ||
| 650 | _aENERGY CONSERVATION | ||
| 650 | _aENERGY EFFICIENCY | ||
| 650 | _aINSULATION | ||
| 650 | _aLIGHTING | ||
| 690 | _aBUILDING AND CONSTRUCTION-REGULATIONS | ||
| 942 | _n0 | ||
| 948 | _c04/02/1999 | ||
| 999 |
_c57818 _d57818 |
||